Gaming Quiz

Random Gaming Quiz

Sims 3 Expansion Packs (in order) Quiz Stats

 Plays Quiz not verified by Sporcle

Score 0/11 Timer 03:00
0 Plays Today
Month/Year released Expansion title % Correct
November 2009The Sims 3: World Adventures
95.9%
June 2010The Sims 3: Ambitions
90.9%
May 2011The Sims 3: Generations
86.8%
October 2011The Sims 3: Pets
86.8%
October 2010The Sims 3: Late Night
86%
March 2012The Sims 3: Showtime
78.5%
November 2012The Sims 3: Seasons
74.4%
September 2012The Sims 3: Supernatural
73.6%
October 2013The Sims 3: Into The Future
70.2%
March 2013The Sims 3: University Life
67.8%
June 2013The Sims 3: Island Paradise
64.5%

You're not logged in!

Compare scores with friends on all Sporcle quizzes.
OR
Log In

Sporcle TV

Today on Sporcle TV


Watch our educational content, quiz creation guides, and fun videos on Sporcle TV.

Show Comments

Extras

Created Dec 25, 2014ReportNominate
Tags:Computer Games, sim, Sims 3, The Sims

Top Quizzes Today


Score Distribution

Your Account Isn't Verified!

In order to create a playlist on Sporcle, you need to verify the email address you used during registration. Go to your Sporcle Settings to finish the process.

Report this User

Report this user for behavior that violates our Community Guidelines.

Details: